Некоторые факторы экологического риска работы Сибирского химического комбината; Физико-технические проблемы атомной энергетики и промышленности

Podrobná bibliografie
Parent link:Физико-технические проблемы атомной энергетики и промышленности.— 2007.— С. 72
Hlavní autor: Федорчук Ю. М. Юрий Митрофанович
Jazyk:ruština
Vydáno: 2007
Témata:
Médium: Kapitola
KOHA link:https://koha.lib.tpu.ru/cgi-bin/koha/opac-detail.pl?biblionumber=130742

MARC

LEADER 00000naa2a2200000 4500
001 130742
005 20231217171013.0
035 |a (RuTPU)RU\TPU\book\141611 
090 |a 130742 
100 |a 20080207d2007 k y0rusy50 ca 
101 0 |a rus 
102 |a RU 
200 1 |a Некоторые факторы экологического риска работы Сибирского химического комбината  |f Ю. М. Федорчук 
463 0 |0 (RuTPU)RU\TPU\book\93764  |y 5-98298-125-7  |t Физико-технические проблемы атомной энергетики и промышленности  |o сборник тезисов докладов IV Международной научно-практической конференции; г. Томск, 7-8 июня 2007 г.  |f Томский политехнический университет (ТПУ); Сибирский химический комбинат  |v С. 72  |d 2007  |p 174 с. 
610 1 |a экологический риск 
610 1 |a Сибирский химический комбинат 
610 1 |a радиоактивные изотопы 
610 1 |a отходы 
610 1 |a захоронение 
610 1 |a труды учёных ТПУ 
700 1 |a Федорчук  |b Ю. М.  |c специалист в области экологии и безопасности жизнедеятельности  |c профессор Томского политехнического университета, доктор технических наук  |f 1948-  |g Юрий Митрофанович  |3 (RuTPU)RU\TPU\pers\26187  |9 11995 
801 1 |a RU  |b 63413507  |c 20080207  |g PSBO 
801 2 |a RU  |b 63413507  |c 20160420  |g RCR 
942 |c BK